000 00788nam a22002177a 4500
005 20150811105748.0
010 _aENG-113634
020 _a9781138016828
_c695.00
035 _aEN-97166
037 _bDBAD/PUB
082 _a793.3099
245 _aMoving oceans :
_cedited by Ralph Buck [and] Nicholas Rowe
_bcelebrating dance in the South Pacific /
260 _aNew Delhi
_bRoutledge
_c2014
270 _a912 Tolstoy House, 15-17 Tolstoy Marg, Connaught Place
_bNew Delhi
_e110001
300 _axiv,190p. :
_c23cm(Hb)
_bill.
490 _aCelebrating dance in Asia and the Pacific ; edited by Stephanie Burridge
500 _aIncludes bibliographical references and index
700 _aBuck, Ralph
700 _aRowe, Nicholas
942 _2ddc
_cEN
_mMOV
_h793.3099
999 _c95172
_d95172